000 00331nam a2200133Ia 4500
005 20251222155116.0
008 251222s9999||||xx |||||||||||||| ||spa||
082 _aETI.70.1-2/Ej.2
100 _aSAAVEDRO Alejandro.
245 0 _aFormación de la Conciencia en Valores
250 _a1ra. ed.
264 _bNo tiene
942 _cLIB
999 _c38263
_d38263